| 000 | 00820nam a2200205Ia 4500 | ||
|---|---|---|---|
| 001 | 17005 | ||
| 003 | GE_BSU | ||
| 008 | 181216s||||||||xx |||||||||||||| ||und|| | ||
| 040 | _cGE_BSU | ||
| 080 | _a821.353.1-31 | ||
| 100 | _aგარიყული, მარიამ | ||
| 245 | _aთხზულებანი. ესკიზები, მოთხრობები, საბავშვო მოთხრობები | ||
| 245 | _cლ. გოთუას წინასიტყვ. | ||
| 260 | _aთბილისი | ||
| 260 | _bსაბჭ. საქართველო | ||
| 260 | _c1967 | ||
| 300 | _a654 გვ. : 1ფ. პორტრ.20სმ. | ||
| 653 | _aესკიზები, მოთხრობები, საბავშვო მოთხრობები | ||
| 942 | _cBK | ||
| 999 |
_c50067 _d50067 |
||